000
00311nam a2200133Ia 4500
100
_a
Newby/ J.R. ed & others
942
_c
RB
654
_a
Source book on forming of steel
245
_a
Source book on forming of steel
260
_b
ASM
_a
Ohio
_c
1976
082
_a
672.823
300
_a
391
546
_a
ENGLISH
999
_c
26031
_d
26031